00702nam a2200157 i 4500001000700000003000900007005001700016008004100033040002000074100004000094245011800134260007200252300002100324700002100345852017800366160882ES-MaACL20250730063142.0041004s1857 sp |||| | spa d aCAM bspa cCAM1 aOchoa de Alda, Teodoro, d1803-187810aDon Olegario b: zarzuela en un acto / coriginal de Teodoro Ochoa de Alda ; música del maestro Santiago Gelos. aMadrid : b[s.n.], c1857 (fImprenta á cargo de Francisco Sales) a27 p. ; c19 cm.1 aGelos, Santiago. aES-MaACLjF-8557(7) z-- Enc. pasta española q-- Falto de la cub. originalz-- Enc. en un vol. facticio formando parte de la col. facticia "Teatro español moderno", v.9